000 00645nam a22002057a 4500
999 _c19834
_d19834
003 AR-CdUCM
008 190314b ||||| |||| 00| 0 spa d
040 _aMUNICIPALIDAD PROVINCIAL DEL CUSCO
_cBIBLIOTECA MUNICIPAL DEL CUSCO
082 _a463 /
_bJ33
110 _aPlaza y Janes editores
_941469
245 _aDiccionario de las Américas /
260 _aBarcelona :
_bPlaza y Janes,
_c1988.
300 _a65 cuadernillos ;
_c24 cm.
_bImágenes, fotografías
500 _aNota : sin numeración.
650 _aDiccionarios
_95105
650 _aGramática
_99175
650 _aLengua española
_91124
942 _2ddc
_cLIBROS
945 _arcc